000 00665nam a22002057a 4500
005 20251108165845.0
008 250721s9999 xx 000 0 ara d
082 1 4 _aط/956.031/أشت
100 1 _aالأشتر، صالح
245 1 0 _aمعركة اليمامة 11هـ /
264 1 _aبيروت :
_bدار الشرق العربي،
_c[19-].
300 _a115ص.
490 0 _aمعارك و بطولات حربية إسلامية عربية
650 1 7 _aالخلفاء الراشدون 661-632
650 1 7 _aحروب الردة
650 1 7 _aالتاريخ
653 _aنااشئون صغار ( 10 - 14 سنة )
942 _2ddc
_cBK
999 _c33093
_d33093